000 00785nam a22002297a 4500
005 20170124110116.0
010 _aA-024225
020 _c00.00
035 _aA-024225
037 _bCen Lib/Ret
040 _aDPL
_bEN
082 _a954.11
_bANA
100 _aAnand, Adarsh Sein
_917548
245 _aThe development of the Constitution of Jammu & Kashmir /
_cby Adarsh Sein Anand
260 _aNew Delhi
_bLight and Life Publishers
_c1980
270 _bNew Delhi
_a2428, Tilak Street, Paharganj
_e110055
300 _axxxviii,377p.
_c21cm(Hb)
500 _aIncludes bibliographical references and index
650 _aConstitutional law -- India -- Jammu and Kashmir
_927436
650 _aConstitutional law -- India
_9102352
942 _2ddc
_cEN
_h954.11
_mANA
999 _c130770
_d130770